| 000 | 00605cam a2200241ua 4500 | ||
|---|---|---|---|
| 020 |
_a81 224 0251 8 _c50.00 |
||
| 041 |
_aeng _h |
||
| 082 |
_a533.0212 _bYAH/GA |
||
| 100 | _aYahya, S M . | ||
| 245 |
_aGas tables: For compressible flow calculations / _cS M Yahya. _hTextual Documents |
||
| 250 |
_a3 / _b. |
||
| 260 |
_aNew Delhi : _bWiley Eastern Ltd , _c1994. |
||
| 300 | _a142 ; . | ||
| 365 | _a50.00 | ||
| 504 | _a | ||
| 942 | _cBK | ||
| 999 |
_c7258 _d7258 |
||